00790 2200253 4500001002100000005001700021008004100038035002400079040001200103090001800115100001600133245015800149250001800307260003000325300002300355504002700378650002300405700001800428700002400446850001200470990001800482990001800500990001800518YOGYA-0209000000149720090227020440.0 ind  0010-020900000001497 aYOPDYOG a345.05bNga M aNgani, Nico aMengenal hukum acara pidanabtentang dan sekitar pengadilan negeri, pengadilan tinggi dan mahkamah agung RIcNico Ngani, I Nyoman Budi Jaya, Hasan Madani aEd. 1, cet. 1 aYogyakartabLibertyc1985 aix, 214 hlmc21 cm aBibliografi : hlm. 214 aHukum Acara Pidana aMadani, Hasan aBudi Jaya, I Nyoman aYOPDYOG a89430-P/97b1 a48117-P/94b1 a38523-P/93b1